000 00220 a2200109 4500
020 _a9780060254377
041 _aspa
100 _aKessler, Leonard
245 _aAqui viene el que Se Poncha!
942 _cBK
952 _74
999 _c24868
_d24868